000 00406nam a2200145 4500
020 _a9789077073308
050 0 0 _aTP370
_b.J58 1983
100 1 _aJames, Fitz Ife
245 1 0 _aPreservation of fruits and vegetables,
_cIfe Fitz James
260 _aNew Delhi,
_bIndian Council of Agricultural Research
_c[1983
300 _a370 p.:
500 _aIncludes Appendix
650 0 _vChemical Technology
942 _cGEN
999 _c528
_d528